| 000 | 01033cam a2200301 a 4500 | ||
|---|---|---|---|
| 001 | 15617926 | ||
| 003 | OSt | ||
| 005 | 20150408114107.0 | ||
| 008 | 090209s2010 nyua b 001 0 eng | ||
| 010 | _a 2009004385 | ||
| 020 | _a9780195374940 (pbk.) | ||
| 020 | _a0195374940 (pbk.) | ||
| 035 | _a(OCoLC)ocn302414610 | ||
| 040 |
_aDLC _cDLC _dYDX _dBWX _dYDXCP _dDLC |
||
| 050 | 0 | 0 |
_aPN228.M4 _bK68 2010 |
| 082 | 0 | 0 |
_a808 _222 _bKZM |
| 100 | 1 |
_aKövecses, Zoltán. _918985 |
|
| 245 | 1 | 0 |
_aMetaphor : _ba practical introduction / _cZoltán Kövecses ; exercises written with Réka Benczes ... [et al.]. |
| 250 | _a2nd ed. | ||
| 260 |
_aNew York : _bOxford University Press, _c2010. |
||
| 300 |
_axx, 375 p. : _bill. ; _c24 cm. |
||
| 504 | _aIncludes bibliographical references and indexes. | ||
| 650 | 0 |
_aMetaphor. _918986 |
|
| 700 | 1 |
_aBenczes, Réka. _918987 |
|
| 906 |
_a7 _bcbc _corignew _d1 _eecip _f20 _gy-gencatlg |
||
| 942 |
_2ddc _cDVD |
||
| 999 |
_c26629 _d261129 |
||